| 000 | 00552nam a2200181 i 4500 | ||
|---|---|---|---|
| 001 | 144593 | ||
| 003 | ES-MaACL | ||
| 005 | 20250814063238.0 | ||
| 007 | t| | ||
| 008 | 070214s1955 sp r ||||1| spa d | ||
| 100 | 1 |
_aSimenon, Georges, _d1903-1989 _9106467 |
|
| 245 | 1 | 0 |
_aMaigret tiene miedo / _cGeorges Simenon ; traducción de F. Cañameras. |
| 260 |
_aBarcelona : _bAlbor, _c1955. |
||
| 300 |
_a239 p. ; _c15 cm. |
||
| 700 | 1 |
_aCanyameres, Ferran, _d1898-1964 _934731 |
|
| 852 |
_aES-MaACL _jC-9365 _bR.37676 |
||
| 999 |
_c144593 _d144593 |
||